Click the African Country Shape - Statistics

General Stats
  • This quiz has been taken 1,076 times
  • The average score is 35 of 54
Answer Stats
Hint Answer % Correct
South Africa
82%
Egypt
82%
Somalia
81%
Morocco
79%
Madagascar
79%
Senegal
78%
Namibia
77%
Mali
76%
Gambia
76%
Libya
75%
Tunisia
74%
Eritrea
73%
Equatorial Guinea
73%
Malawi
73%
Cameroon
72%
Benin
72%
Sudan
72%
Togo
71%
Angola
71%
Mozambique
71%
Ethiopia
70%
Ghana
69%
Zambia
69%
Chad
68%
Liberia
67%
Algeria
67%
Mauritania
66%
Democratic Republic of the Congo
65%
Nigeria
64%
Ivory Coast
64%
Niger
64%
Cape Verde
63%
Tanzania
63%
Djibouti
62%
Republic of the Congo
62%
Burkina Faso
61%
Gabon
61%
South Sudan
61%
Guinea
60%
Central African Republic
60%
Kenya
60%
Zimbabwe
59%
Guinea-Bissau
58%
São Tomé and Príncipe
58%
Uganda
53%
Sierra Leone
53%
Seychelles
52%
Lesotho
52%
Burundi
51%
Botswana
51%
Eswatini
49%
Comoros
45%
Rwanda
42%
Mauritius
38%
No matching quizzes found
Score Distribution
Percent of People with Each Score
Percentile by Number Answered
Your Score History
You have not taken this quiz